000 00189 a2200097 4500
020 _a9780735262744
041 _aeng
100 _amaxwell newhouse
245 _acounting on Snow
942 _cK
999 _c30800
_d30798